Betwn silence and light spirit in the architecture of louis I Khan (Record no. 6920)

000 -LEADER
fixed length control field 00298nam a2200109Ia 4500
008 - FIXED-LENGTH DATA ELEMENTS--GENERAL INFORMATION
fixed length control field 200302s9999 xx 000 0 und d
100 ## - MAIN ENTRY--PERSONAL NAME
Personal name John Lobell
245 ## - TITLE STATEMENT
Title Betwn silence and light spirit in the architecture of louis I Khan
260 ## - PUBLICATION, DISTRIBUTION, ETC.
Name of publisher, distributor, etc. Shambhala Publications
260 ## - PUBLICATION, DISTRIBUTION, ETC.
Date of publication, distribution, etc. 2008
300 ## - PHYSICAL DESCRIPTION
Extent 120
Holdings
Withdrawn status Lost status Damaged status Not for loan Permanent Location Current Location Date acquired Cost, normal purchase price Full call number Barcode Date last seen Price effective from Koha item type Total Checkouts Total Renewals Date last checked out
        BMS College of Architecture, Design and Planning BMS College of Architecture, Design and Planning 2020-03-03 1659.00 720.924 AR-UG820 2020-03-03 2020-03-03 UG Books      
        BMS College of Architecture, Design and Planning BMS College of Architecture, Design and Planning 2020-03-03 1659.00 720.924 AR-UG821 2024-10-16 2020-03-03 UG Books 2 1 2024-03-14
        BMS College of Architecture, Design and Planning BMS College of Architecture, Design and Planning 2020-03-03 1659.00 720.924 AR-UG822 2020-03-03 2020-03-03 UG Books      
Copyright © 2025, The Librarian, Library and Information Centre, BMSCA D&P, Bengaluru. All Rights Reserved
web counter

Powered by Koha